Country Population - East or West? - Statistics

General Stats
  • This quiz has been taken 53,663 times
  • The average score is 13 of 15
Answer Stats
Question Answer % Correct
China East
95%
Brazil East
90%
Australia East
90%
Portugal West
89%
Russia West
89%
Senegal West
88%
Peru West
87%
United States East
86%
Turkey West
86%
Germany West
85%
Argentina East
83%
Ireland East
79%
Pakistan East
76%
Syria West
75%
Denmark East
72%
No matching quizzes found
Score Distribution
Percent of People with Each Score
Percentile by Number Answered
Your Score History
You have not taken this quiz